Steam boilers; (Record no. 545307)
[ view plain ]
| 000 -LEADER | |
|---|---|
| fixed length control field | 00546cam a22001691 4500 |
| 082 ## - DEWEY DECIMAL CLASSIFICATION NUMBER | |
| Classification number | 621.183 |
| Author Mark | STE |
| -- | L-24, P-2 |
| 100 1# - MAIN ENTRY--PERSONAL NAME | |
| Personal name | Croft, Terrell, |
| 9 (RLIN) | 41119 |
| 245 10 - TITLE STATEMENT | |
| Title | Steam boilers; |
| Statement of responsibility, etc. | Terrell Croft, editor ... revised by R.B. Purdy. |
| 250 ## - EDITION STATEMENT | |
| Edition statement | 2d ed. |
| 260 ## - PUBLICATION, DISTRIBUTION, ETC. | |
| Place of publication, distribution, etc. | New York, |
| -- | London, |
| Name of publisher, distributor, etc. | McGraw-Hill, |
| Date of publication, distribution, etc. | 1937. |
| 300 ## - PHYSICAL DESCRIPTION | |
| Extent | xv, 417 p. |
| Other physical details | fold. front., illus., diagrs. |
| Dimensions | 21 cm. |
| 526 ## - STUDY PROGRAM INFORMATION NOTE | |
| Program name | 0 |
| Interest level | 0 |
| Reading level | 0 |
| Title point value | 621_183000000000000_STE |
| 650 #0 - SUBJECT ADDED ENTRY--TOPICAL TERM | |
| Topical term or geographic name entry element | MCE |
| 9 (RLIN) | 379 |
| 650 #0 - SUBJECT ADDED ENTRY--TOPICAL TERM | |
| Topical term or geographic name entry element | Steam-boilers. |
| 9 (RLIN) | 41120 |
| 700 1# - ADDED ENTRY--PERSONAL NAME | |
| Personal name | Purdy, Randall Brockner, |
| 9 (RLIN) | 41121 |
| 942 ## - ADDED ENTRY ELEMENTS (KOHA) | |
| Source of classification or shelving scheme | |
| Koha item type | Book |
| Withdrawn status | Lost status | Source of classification or shelving scheme | Damaged status | Not for loan | Permanent Location | Current Location | Date acquired | Total Checkouts | Full call number | Barcode | Date last seen | Price effective from | Koha item type |
|---|---|---|---|---|---|---|---|---|---|---|---|---|---|
| Military College of Engineering (MCE) | Military College of Engineering (MCE) | 05/21/2014 | 621.183 STE | MCE-621 | 05/21/2014 | 05/21/2014 | Book |
